Normal view
MARC view
- Ganteführer-Trier, Anne
Entry Personal Name
001 - CONTROL NUMBER
- control field: 37917
003 - CONTROL NUMBER IDENTIFIER
- control field: OSt
005 - DATE AND TIME OF LATEST TRANSACTION
- control field: 20150511124603.0
008 - FIXED-LENGTH DATA ELEMENTS
- fixed length control field: 150511|| aca||aabn | a|a d
040 ## - CATALOGING SOURCE
- Original cataloging agency: OSt
100 1# - HEADING--PERSONAL NAME
- Personal name: Ganteführer-Trier, Anne
400 1# - SEE FROM TRACING--PERSONAL NAME
- Personal name: Trier, Anne Ganteführer-